Política de gestión ambiental: 1990-1994
Furkejuvvon:
| Searvvušdahkki: | |
|---|---|
| Materiálatiipa: | Girji |
| Giella: | espánnjágiella |
| Almmustuhtton: |
Santiago
Comisión Nacional del Medio Ambiente
1994
|
| Fáttát: | |
| Fáddágilkorat: |
Lasit fáddágilkoriid
Eai fáddágilkorat, Lasit vuosttaš fáddágilkora!
|
MARC
| LEADER | 00000nam a2200000 a 4500 | ||
|---|---|---|---|
| 001 | UCX9958 | ||
| 003 | CL-VaPUC | ||
| 008 | 940704e19940000CL |||||||||||||||||spa|d | ||
| 082 | 0 | 4 | |a 344.046 |b COM |2 21 |
| 110 | 2 | |a Comisión Nacional del Medio Ambiente |e author |9 327492 | |
| 245 | 1 | 0 | |a Política de gestión ambiental: 1990-1994 |
| 300 | |a 51 p | ||
| 942 | |c BK | ||
| 945 | |d 19940704 00:00:00 |a aalvarez | ||
| 260 | |a Santiago |b Comisión Nacional del Medio Ambiente |c 1994 | ||
| 650 | 0 | |a Medio ambiente |9 257625 | |
| 651 | 7 | |a CHILE |2 CL-VaPUC |9 327493 | |
| 583 | |a last modification |c 19940704 00:00:00 |k Rodrigo Vera | ||
| 999 | |c 229065 |d 229063 | ||
| 952 | |0 0 |1 0 |2 ddc |4 0 |6 344_046000000000000_COM_1994 |7 0 |8 A |9 229612 |a BIBDER |b BIBDER |d 2019-11-15 |i 2984059 |o 344.046 COM 1994 |p 2984059 |r 2023-01-25 |w 2019-11-15 |y MX |k DER | ||